Normal view
MARC view
Entry Geographic Name
001 - CONTROL NUMBER
- control field: 47754
003 - CONTROL NUMBER IDENTIFIER
- control field: OSt
005 - DATE AND TIME OF LATEST TRANSACTION
- control field: 20181106144324.0
008 - FIXED-LENGTH DATA ELEMENTS
- fixed length control field: 181106|| aca||aabn | a|a d
040 ## - CATALOGING SOURCE
- Original cataloging agency: OSt
- Transcribing agency: OSt
151 ## - HEADING--GEOGRAPHIC NAME
- Geographic name: Nigeria
- Form subdivision: Fiction.
670 ## - SOURCE DATA FOUND
- Source citation: Work cat.: (OSt): 15871 Adichie, Chimamanda Ngozi, 1977-, Purple hibiscus, c2004.
